| 000 | 00504nam a22001575i 4500 | ||
|---|---|---|---|
| 001 | 160436 | ||
| 003 | ES-MaACL | ||
| 005 | 20230906212032.0 | ||
| 008 | 041015s1845 fr |||| | fre d | ||
| 040 |
_aCAM _bspa _cCAM |
||
| 110 | 2 |
_aMusée de l'Artillerie (Paris) _9134707 |
|
| 245 | 1 | 0 | _aNotice sur les collections dont se compose le Mussée de l'Artillerie. |
| 260 |
_aParis : _b[s.n.], _c1845 ( _fImprimerie de Bachelier) |
||
| 300 |
_aXI, 267 p. ; _c18 cm. |
||
| 852 |
_aES-MaACL _jD-1077 _z-- Rust. |
||
| 999 |
_c160436 _d160436 |
||